| 000 | 00566nam a2200217Ia 4500 | ||
|---|---|---|---|
| 005 | 20250425160914.0 | ||
| 008 | 250425s9999 xx 000 0 und d | ||
| 041 | _aeng | ||
| 082 | _a622.3382 | ||
| 100 | _aROGERS, WALTER F. | ||
| 245 | 0 | _aCOMPOSITION AND PROPERTIES OF OIL WELL DRILLING FLUIDS | |
| 250 | _a3RD ED. | ||
| 260 |
_aEstados Unidos _bGULF PUBLISHING _c1963 |
||
| 260 | _aHOUSTON | ||
| 300 | _a818 | ||
| 650 | _aEQUIPOS DE PERFORACION | ||
| 650 | _aFLUIDOS DE PERFORACION | ||
| 650 | _aLODOS DE PERFORACION | ||
| 942 | _c01 | ||
| 010 | _a8016 | ||
| 999 |
_c198552 _d198552 |
||